| 000 | 00814nam a22002057a 4500 | ||
|---|---|---|---|
| 003 | OSt | ||
| 005 | 20260512105316.0 | ||
| 008 | 260512b |||||||| |||| 00| 0 eng d | ||
| 020 | _a9780723273158 | ||
| 040 | _aKenya National Library Service | ||
| 082 | _a428.6 RAP | ||
| 245 |
_aRapunzel / _cillustrated by Tamsin Hinrichsen. |
||
| 300 |
_a47 pages : _bcolour illustrations ; _c18 cm. |
||
| 490 |
_aRead it yourself with Ladybird ; _vLevel 3. |
||
| 520 | _aA simplified retelling of the fairy tale Rapunzel about a girl with long hair who is locked in a tower by a witch and later rescued. The book supports early reading development and includes comprehension questions. | ||
| 650 | _aReaders (Primary). | ||
| 942 |
_2ddc _cBK _n0 |
||
| 999 |
_c492705 _d492705 |
||